| 000 | 01695nam a2200481 c 4500 | ||
|---|---|---|---|
| 001 | 52751 | ||
| 003 | ES-MaCES | ||
| 005 | 20250203133724.0 | ||
| 007 | cr ||||||||||| | ||
| 008 | 220624s2021 fr rt i000 | eng d | ||
| 020 | _a9789264907096 | ||
| 020 | _a9789264320093 (pdf) | ||
| 040 |
_aES-MaCES _bspa _cES-MaCES |
||
| 245 | 0 | 0 |
_aOECD employment outlook 2022 _hRecurso electrónico _b: building back more inclusive labour markets |
| 260 |
_aParis _bOECD _c[2022] |
||
| 300 |
_a1 documento pdf _bgráf. col. _c(7,31mb) |
||
| 541 | _cSuscripción conjunta | ||
| 650 | 4 |
_aempleo _928299 |
|
| 650 | 4 |
_amercado de trabajo _928292 |
|
| 650 | 4 |
_aCovid-19 _939751 |
|
| 650 | 4 |
_aguerra _926699 |
|
| 650 | 4 |
_aUcrania _930497 |
|
| 650 | 4 |
_aevaluación del impacto _930732 |
|
| 650 | 4 |
_aexclusión social _930629 |
|
| 650 | 4 |
_adiferencia del salario _929458 |
|
| 650 | 4 |
_apoder empresarial _930600 |
|
| 650 | 4 |
_amonopolio _928183 |
|
| 650 | 4 |
_apolítica laboral _928290 |
|
| 650 | 4 |
_apolítica de empleo _928300 |
|
| 650 | 4 |
_aoportunidades de empleo _927182 |
|
| 650 | 4 |
_apolítica salarial _928391 |
|
| 650 | 4 |
_afomento del empleo _930270 |
|
| 650 | 4 |
_apaís de la OCDE _929055 |
|
| 650 | 4 |
_a2022 _940274 |
|
| 650 | 4 |
_ainforme _928986 |
|
| 653 | 1 | 0 | _aEmpleo |
| 710 | 2 |
_aOrganización de Cooperación y Desarrollo Económico _eed. _94694 |
|
| 787 | 0 |
_tOECD employment outlook 2021 _w(ES-MaCES)52347 |
|
| 856 | 4 |
_uhttps://doi.org/10.1787/1bb305a6-en _yhttps://doi.org/10.1787/1bb305a6-en [shows all issues in this serial] |
|
| 856 | 4 |
_ytexto completo _uhttp://biblioteca.ces.es/repintra/B52751.pdf _z[intranet] |
|
| 902 | _aELE PUB. ELECTRONICA | ||
| 942 |
_2CES _cBK _h2.1. |
||
| 999 |
_c52751 _d52751 |
||